| 000 | 00668nam a2200205Ii 4500 | ||
|---|---|---|---|
| 003 | JO-AjNU | ||
| 008 | 230605s9999||||xx |||||||||||||| ||und|| | ||
| 017 | _a1973/3144 | ||
| 040 |
_aJO-AjNU _bara _erda _cJO-AjNU |
||
| 041 | _aara | ||
| 050 | 1 | 4 | _aGR65.A22 1973 |
| 100 | 3 |
_a يونس، عبد المجيد, _eauthor _938681 |
|
| 245 | 0 | 0 | _aدفاع عن الفولكلور |
| 264 | 3 | 1 | _a القاهرة: الهيئة المصرية العامة للكتاب،1973 |
| 300 | _a268ص | ||
| 336 |
_atext _btxt _2rdacontent |
||
| 337 |
_aunmediated _bn _2rdamedia |
||
| 338 |
_avolume _bnc _2rdacarrier |
||
| 650 | 4 |
_aفولكلور- مقالات- محاضرات _938682 |
|
| 999 |
_aA16272 _c19840 _d19840 |
||